LIBRARY & INFORMATION CENTRE, KCAET, TAVANUR

ONLINE PUBLIC ACCESS CATALOGUE (OPAC)

A mathematical model for sediment yield in agricultural watershed (Record no. 15231)

MARC details
000 -LEADER
fixed length control field 00577nam a22001697a 4500
003 - CONTROL NUMBER IDENTIFIER
control field OSt
088 ## - REPORT NUMBER
Report number T 130
100 ## - MAIN ENTRY--AUTHOR NAME
Personal name BABU V
245 ## - TITLE STATEMENT
Title A mathematical model for sediment yield in agricultural watershed
260 ## - PUBLICATION, DISTRIBUTION, ETC. (IMPRINT)
Place of publication Tavanur 1998
Name of publisher Kelappaji College of Agricultural Engineering and Technology
300 ## - PHYSICAL DESCRIPTION
Number of Pages 98
500 ## - GENERAL NOTE
General note A mathematical model for sediment yield in agricultural watershed
520 ## - SUMMARY, ETC.
Summary, etc A mathematical model for sediment yield in agricultural watershed
700 ## - ADDED ENTRY--PERSONAL NAME
Personal name Dr. A. N Remadevi (Guide)
942 ## - ADDED ENTRY ELEMENTS (KOHA)
Koha item type Theses
Holdings
Collection code Home library Current library Shelving location Full call number Accession Number Koha item type Public note
Reference KAUAET KAUAET Reference 631.75807 BAB/A T 130 Theses M.Tech Thesis
free website counter